From the tetrarchs to the Theodosians : later Roman history and culture, 284-450 CE /

"An integrated collection of essays examining the politics, social networks, law, historiography, and literature of the later Roman world. The volume treats three central themes: the first section looks at political and social developments across the period and argues that, in spite of the stre...

Full description

Bibliographic Details
Other Authors: McGill, Scott, 1968-, Sogno, Cristiana, 1969-, Watts, Edward Jay, 1975-
Format: Book
Language:English
Published: Cambridge, UK ; New York : Cambridge University Press, 2010.
Series:Yale classical studies ; v. 34.
Subjects:
Online Access:Cover image

MARC

Tag First Indicator Second Indicator Subfields
LEADER 00000cam a2200000 a 4500
001 in00002575261
005 20151201152256.0
008 091117s2010 enk b 001 0 eng
010 |a  2009048603 
015 |a GBB004297  |2 bnb 
016 7 |a 015462117  |2 Uk 
019 |a 499074658 
020 |a 9780521898218 (hardback) 
020 |a 0521898218 (hardback) 
029 1 |a NLGGC  |b 323888968 
029 1 |a NLGGC  |b 327469641 
035 |a (OCoLC)ocn449827611 
035 |a (OCoLC)449827611 
040 |a DLC  |c DLC  |d BTCTA  |d ERASA  |d BWKUK  |d BWK  |d YDXCP  |d BWX  |d UKM  |d ABC  |d IOG  |d VVC  |d UtOrBLW 
043 |a e------  |a ff-----  |a aw----- 
049 |a TXAM 
050 0 0 |a DG311  |b .F794 2010 
082 0 0 |a 937/.08  |2 22 
245 0 0 |a From the tetrarchs to the Theodosians :  |b later Roman history and culture, 284-450 CE /  |c edited by Scott McGill, Cristiana Sogno, Edward Watts. 
264 1 |a Cambridge, UK ;  |a New York :  |b Cambridge University Press,  |c 2010. 
300 |a ix, 321 pages ;  |c 24 cm. 
336 |a text  |b txt  |2 rdacontent 
337 |a unmediated  |b n  |2 rdamedia 
338 |a volume  |b nc  |2 rdacarrier 
490 1 |a Yale classical studies ;  |v 34 
504 |a Includes bibliographical references and index. 
505 0 |a Unity of the Roman Empire / David Potter -- Roman patronage / Peter Garnsey -- Roman matchmaking / Cristiana Sogno -- Constantine the lawgiver / Jill Harries -- Constantine answers the veterans / Serena Connolly -- Three generations of Christian philosophical biography / Edward Watts -- The education of Paulinus of Pella: learning in the late empire / Josiah Osgood -- Another man's miracles: recasting Aelius Donatus in Phocas's Life of Virgil / Scott McGill -- Gregory of Nazanzius's Life of Julian revisited (Or. 4 and 5): the art of governance by invective / Susanna Elm -- Liar in winter: Themistius and Theodosius / Peter Heather -- Moments of truth: Gregory of Nazanzius and Theodosius I / Neil McLynn -- Reinventing Constantinople: Theodosius I's imprint on the imperial city / Brian Croke -- Reinventing history: Jerome's Chronicle and the writing of the post-Roman West / Mark Vessey 
520 |a "An integrated collection of essays examining the politics, social networks, law, historiography, and literature of the later Roman world. The volume treats three central themes: the first section looks at political and social developments across the period and argues that, in spite of the stress placed upon traditional social structures, many elements of Roman life remained only slightly changed. The second section focuses upon biographical texts and shows how late-antique authors adapted traditional modes of discourse to new conditions. The final section explores the first years of the reign of Theodosius I and shows how he built upon historical foundations while unfurling new methods for utilising, presenting, and commemorating imperial power. These papers analyse specific events and local developments to highlight examples of both change and continuity in the Roman world from 284-450."--From publisher description. 
651 0 |a Rome  |x History  |y Empire, 284-476. 
651 0 |a Rome  |x History  |y Empire, 284-476  |x Historiography. 
651 0 |a Rome  |x Politics and government  |y 284-476. 
651 0 |a Rome  |x Civilization. 
651 0 |a Rome  |x Social conditions. 
650 0 |a Social change  |z Rome  |x History. 
700 1 |a McGill, Scott,  |d 1968- 
700 1 |a Sogno, Cristiana,  |d 1969- 
700 1 |a Watts, Edward Jay,  |d 1975- 
830 0 |a Yale classical studies ;  |v v. 34. 
856 4 2 |3 Cover image  |u http://assets.cambridge.org/97805218/98218/cover/9780521898218.jpg  |t 0 
938 |a Baker and Taylor  |b BTCP  |n BK0008570089 
938 |a YBP Library Services  |b YANK  |n 3137536 
938 |a Erasmus Boekhandel  |b ERAA  |n NTS0000107765 
938 |a Blackwell Book Service UK  |b BBUK  |n L4845037  |c 55.00 
938 |a Blackwell Book Service  |b BBUS  |n R9846080  |c $95.00 
945 |a PromptCat  |b 15365 
946 |a stk 
947 |a A14840179333 
994 |a 92  |b TXA 
948 |a Cataloged  |b h  |c 2010/6/30  |d c  |e ibarton 
999 |a MARS 
999 f f |s 508f8f5f-7df8-35b7-8b62-712f887dd6ef  |i efd9b97f-c8a5-3896-bf90-8017dbc1a816  |t 0 
952 f f |p normal  |a Texas A&M University  |b College Station  |c Sterling C. Evans Library  |d Evans: Library Stacks  |t 0  |e DG311 .F794 2010  |h Library of Congress classification  |i unmediated -- volume  |m A14840179333 
998 f f |a DG311 .F794 2010  |t 0  |l Evans: Library Stacks